Score 0/300 Timer 15:00
0 Plays Today
% Correct
the
98.9%
the
98.9%
the
98.9%
a
98.9%
and
98.9%
the
98.9%
the
98.9%
a
98.9%
the
98.9%
the
98.9%
and
98.9%
the
98.9%
and
98.9%
and
98.9%
the
98.9%
the
98.9%
and
98.9%
and
98.9%
the
98.9%
a
98.9%
and
98.9%
and
98.9%
the
98.9%
the
98.9%
the
98.9%
one ...
98.9%
mean ...
98.9%
to -
98.9%
well -'
98.9%
the
98.9%
case -
98.9%
And
98.9%
a
98.9%
a
98.9%
Harry
97.9%
Harry
97.9%
Harry
97.9%
Harry.
97.9%
Harry
97.9%
Harry.
97.9%
Harry.
97.9%
He
97.3%
he
97.3%
he
97.3%
He
97.3%
he
97.3%
he
97.3%
he
97.3%
he
97.3%
Hermione
96.8%
her.
96.8%
her
96.8%
Hermione,
96.8%
Hermione,
96.8%
her
96.8%
Ron
95.7%
Ron
95.7%
an
95.7%
I
94.7%
I
94.7%
we
94.1%
We
94.1%
that
93.6%
that
93.6%
that
93.6%
be
93.6%
that
93.6%
be
93.6%
that
93.6%
of
92.6%
for
92.6%
of
92.6%
of
92.6%
to
92.6%
of
92.6%
of
92.6%
for
92.6%
to
92.6%
of
92.6%
for
92.6%
to
92.6%
to
92.6%
to
92.6%
'No,'
92%
had
91.5%
had
91.5%
in
91.5%
in
91.5%
had
91.5%
had
91.5%
had
91.5%
in
91.5%
in
91.5%
on
91.5%
'Had
91.5%
on
91.5%
in
91.5%
it
91%
was
91%
was
91%
% Correct
it
91%
it
91%
was
91%
was
91%
was
91%
it,'
91%
knew
90.4%
didn't
90.4%
with
90.4%
didnt
90.4%
with
90.4%
with
90.4%
didn't
90.4%
If
90.4%
didn't
90.4%
been
89.9%
been
89.9%
been
89.9%
but
89.4%
but
89.4%
me
89.4%
would
88.8%
would
88.8%
As
88.8%
as
88.8%
as
88.8%
him
88.3%
said,
88.3%
said,
88.3%
said
88.3%
said
88.3%
said
88.3%
said
88.3%
said
88.3%
what
87.8%
'What!
87.8%
she
87.2%
she
87.2%
you
86.7%
you
86.7%
have
86.7%
you
86.7%
have
86.7%
you
86.7%
'Professor
86.2%
Lupin
86.2%
they
85.6%
when
85.6%
there
85.1%
were
85.1%
broom
84%
broom
84%
know
83%
see
83%
know.
83%
brand-new
82.4%
good
82.4%
Dementors
82.4%
Dementors
82.4%
well,
81.9%
too.
81.9%
then,
81.9%
'Well,
81.9%
angry
81.4%
ever
81.4%
who
81.4%
best
80.9%
again.
80.9%
best,
80.9%
New
80.9%
again.
80.9%
new
80.9%
nothing
79.8%
Firebolt
79.8%
Firebolt
79.8%
nothing
79.8%
his
79.3%
his
79.3%
this
78.7%
want
78.7%
because
78.2%
all
78.2%
All
78.2%
all,
78.2%
than
77.7%
after
77.7%
Wood
77.7%
'I've
77.7%
After
77.7%
Wood
77.7%
after
77.7%
Wood,
77.7%
stop
77.1%
being
77.1%
now,
77.1%
now,
77.1%
he'd
77.1%
he'd
77.1%
'I'm
76.6%
time
76.6%
% Correct
come
76.1%
over
76.1%
come
76.1%
meant
75.5%
should
75.5%
owner
75%
next
75%
world
74.5%
stripping-down
74.5%
some
74.5%
wrong
73.9%
thinking
73.9%
off,
73.4%
off.
73.4%
Christmas?'
71.3%
Christmas,
71.3%
last
71.3%
Christmas.'
71.3%
doing
70.7%
match,
70.7%
can't
70.7%
few
69.7%
back.
69.7%
Year,
69.7%
get
68.6%
less
68.1%
down,
68.1%
yet?'
68.1%
without
67%
hours,
66%
week;
65.4%
room.
64.9%
out
64.9%
short
62.2%
sort
62.2%
once
62.2%
answer,
62.2%
working
62.2%
Gryffindor
61.7%
whether
60.6%
before
60.6%
waiting
60.6%
acted
59.6%
common
59.6%
school
58.5%
far
57.4%
furious
56.9%
rest
55.9%
sat
55.9%
looking
55.9%
Youd
55.9%
concerned,
55.3%
Seeker,
54.8%
term
53.7%
starting
53.7%
really
53.2%
library,
52.7%
state
51.6%
started
51.1%
started.
51.1%
returned
50%
night
47.9%
better
47.3%
lose
46.8%
glad
46.3%
subjected
45.2%
sorts
45.2%
criminal
44.7%
afford
43.6%
Tower
43.1%
quickly.
42.6%
try
42%
move...
40.4%
tests?
39.4%
avoiding
39.4%
convinced
38.3%
taken
38.3%
positive
36.7%
anti-jinx
36.2%
ordered
36.2%
ward
34%
sought
33.5%
voice
33%
interference,
32.4%
refuge
30.3%
noisy
29.8%
remained
29.3%
became
28.7%
train
28.7%
awkward.
27.7%
shortly
26.6%
lowered
25.5%
'Ah,'
25%
persuade
23.9%
crowded
23.9%
expression
23.4%
damage.
22.9%
broke
22.3%
supposed
17.6%
clearing.
16%
Remove Ads.
Support Sporcle.
Get the best of Sporcle when you Go Orange. This ad-free experience offers more features, more stats, and more fun while also helping to support Sporcle. Thank you for becoming a member.

You're not logged in!

Compare scores with friends on all Sporcle quizzes.
OR
Log In

Show Comments

Extras

Top Quizzes Today


Score Distribution

Your Account Isn't Verified!

In order to create a playlist on Sporcle, you need to verify the email address you used during registration. Go to your Sporcle Settings to finish the process.

Report this User

Report this user for behavior that violates our Community Guidelines.

Details: